Statistics for Scottish Football Teams

Click here to take the quiz!

General Stats

  • This quiz has been taken 340 times
    (95 since last reset)
  • The average score is 27 of 42

Answer Stats

HintLeagueAnswer% Correct
CPremierCeltic
94%
APremierAberdeen
91%
DChampionshipDundee
91%
RPremierRangers
89%
DUPremierDundee United
88%
HPremierHibernian
80%
KPremierKilmarnock
77%
PTLeague OnePartick Thistle
77%
LPremierLivingston
76%
QOTSChampionshipQueen of the South
74%
MPremierMotherwell
74%
HAPremierHamilton Academical
73%
QPLeague TwoQueen's Park
73%
SJPremierSt Johnstone
73%
SMPremierSt Mirren
71%
HOMChampionshipHeart of Midlothian
71%
RRChampionshipRaith Rovers
70%
ICTChampionshipInverness Caledonian Thistle
70%
EFLeague OneEast Fife
67%
GMChampionshipGreenock Morton
65%
FLeague OneFalkirk
65%
RCPremierRoss County
64%
AChampionshipArbroath
62%
DChampionshipDunfermline
62%
AUChampionshipAyr United
62%
FALeague OneForfar Athletic
61%
AAChampionshipAlloa Athletic
59%
MLeague OneMontrose
56%
ARLeague TwoAlbion Rovers
55%
AALeague TwoAnnan Athletic
53%
ECLeague TwoElgin City
52%
CLeague OneClyde
50%
ECLeague TwoEdinburgh City
48%
DLeague OneDumbarton
48%
PLeague OnePeterhead
47%
CLeague TwoCowdenbeath
47%
SALeague TwoStirling Albion
45%
SLeague TwoStranraer
44%
BCLeague TwoBrechin City
42%
ALeague OneAirdrieonians
39%
CRLeague OneCove Rangers
39%
SLeague TwoStenhousemuir
35%

Score Distribution

Percentile by Number Answered

Percent of People with Each Score

Your Score History

You have not taken this quiz since the last reset